Schlauste Völker nach IQ - Statistiken

Allgemein
  • Dieses Quiz wurde 333 mal gespielt
  • Das Durchschnittsergebnis liegt bei 21 aus 28
Antwortstatistiken
Ø IQ Land % Korrekt
100 Deutschland
99%
104 China
96%
106 Japan
96%
98 Schweden
95%
97 USA
95%
98 Norwegen
94%
100 Kanada
93%
101 Finnland
91%
99 Österreich
89%
100 Schweiz
89%
103 Südkorea
89%
97 Frankreich
88%
98 Dänemark
86%
101 Niederlande
83%
98 Belgien
82%
99 Australien
81%
99 Vereinigtes Königreich
78%
100 Luxemburg
73%
99 Island
71%
99 Neuseeland
68%
100 Estland
64%
106 Singapur
58%
106 Taiwan
57%
100 Nordkorea
54%
99 Ungarn
46%
98 Slowenien
37%
99 Belarus
26%
97 Kambodscha
8%
Keine übereinstimmenden Quizze gefunden
Verteilung der Resultate
Anzahl Personen mit jedem Resultat
Perzentil nach korrekt beantworteten Fragen
Ihre Resultats-Entwicklung
Sie haben dieses Quiz noch nicht gespielt